Μάγερλιγκ

Αποθηκεύτηκε σε:
Λεπτομέρειες βιβλιογραφικής εγγραφής
Κύριος συγγραφέας: Anet, Claude, 1868-1931
Άλλοι συγγραφείς: Βοβολίνης, Πολύβιος (Μεταφραστής)
Μορφή: Βιβλίο
Γλώσσα:Greek
French
Δημοσίευση: [χ.τ.] : Παγκόσμια λογοτεχνία, [χ.χ.].
Θέματα:
Ετικέτες: Προσθήκη ετικέτας
Δεν υπάρχουν, Καταχωρήστε ετικέτα πρώτοι!

MARC

LEADER 00000cam a2200000 i 4500
001 1/82115
008 050722q19601970gr | ||| |||| ||gre||
035 |l 10079441 
040 |a GR-MY-UA  |b gre  |e aacr 
041 1 |a gre  |h fre 
082 7 |a 843.9   |2 (22) 
100 1 |a Anet, Claude,   |d 1868-1931. 
245 1 0 |a Μάγερλιγκ /   |c Κλωντ Ανέ ; μετάφραση: Πολύβιου Βοβολίνη.  
260 |a [χ.τ.] :   |b Παγκόσμια λογοτεχνία,   |c [χ.χ.].  
300 |a 220 σ. ;   |c 25 εκ. 
500 |a Τίτλος πρωτοτύπου: Mayerling.  
600 0 0 |a Rudolf,   |c Crown Prince of Austria,   |d 1858-1889. 
650 0 0 |a Princes  |z Austria  |x Fiction. 
650 0 0 |a Bibliography. 
650 0 0 |a French fiction  |y 19th century. 
700 1 |a Βοβολίνης, Πολύβιος,  |e trl 
852 |a INST  |b RHODES  |c KRI  |e 20050722  |h  843.9 ANE  |p 005400022852  |q 005400022852  |t BK  |y 0 
901 |a BIBL4-2005-2 
909 |a Ρ  |b 121958 
970 |a ΚΟΖΑ  |b ΜΑΡΙΑ  |z 2005/07/22